Largest Municipalities in Washington by First Letter - Statistics

General Stats
  • This quiz has been taken 8 times
  • The average score is 15 of 24
Answer Stats
First Letter County Population Municipality % Correct
S King 764,753 Seattle
100%
T Pierce 225,030 Tacoma
100%
B King 151,436 Bellevue
86%
O Thurston 55,816 Olympia
86%
V Clark 199,884 Vancouver
86%
Y Yakima 96,541 Yakima
86%
E Snohomish 111,371 Everett
71%
K King 131,235 Kent
71%
P Franklin 81,605 Pasco
71%
Q Grant 8,770 Quincy
71%
A King 81,754 Auburn
57%
C Clark 27,782 Camas
57%
F King 95,509 Federal Way
57%
I King 38,232 Issaquah
57%
R King 103,005 Renton
57%
W Chelan 35,519 Wenatchee
57%
D King 31,388 Des Moines
43%
G Pierce 12,955 Gig Harbor
43%
H Grays Harbor 8,792 Hoquiam
43%
L Pierce 61,429 Lakewood
43%
M Snohomish 74,206 Marysville
43%
N King 12,505 Newcastle
43%
U Pierce 35,147 University Place
43%
Z Yakima 3,088 Zillah
43%
No matching quizzes found
Score Distribution
Percent of People with Each Score
Percentile by Number Answered
Your Score History
You have not taken this quiz